El Encuentro de Lima
América Latina debe enfrentarse a un mundo unipolar, controlado política y militarmente por una sola potencia internacional y dominado por las estrategias del mercado global. La izquierda latinoamericana indica que el neoliberalismo ha fracasado en su intento de lograr el desarrollo económico y soci...
Αποθηκεύτηκε σε:
| Μορφή: | Κείμενο |
|---|---|
| Θέματα: | |
| Ετικέτες: |
Προσθήκη ετικέτας
Δεν υπάρχουν, Καταχωρήστε ετικέτα πρώτοι!
|
MARC
| LEADER | 00000 a a2200000 04500 | ||
|---|---|---|---|
| 001 | 12229 | ||
| 003 | |||
| 040 | |||
| 245 | |a El Encuentro de Lima | ||
| 520 | |a América Latina debe enfrentarse a un mundo unipolar, controlado política y militarmente por una sola potencia internacional y dominado por las estrategias del mercado global. La izquierda latinoamericana indica que el neoliberalismo ha fracasado en su intento de lograr el desarrollo económico y social de la región. En el Encuentro se criticó la doble cara del modelo neoliberal |a se agrega que los beneficios de la modernización conservadora son sumamente selectivos ya que busca crear las bases para la reproducción del capital en base a grandes costos sociales, además de que su aplicación es totalmente distinta en el Norte con relación al Sur. En los primeros tiempos, la modernización conservadora se adaptó a las necesidades del gran capital transnacional, pero sin afectar los intereses nacionales y manteniendo las funciones reguladoras y sociales del Estado |a se agrega que en los países desarrollados, en donde los programas de ajuste estructural se aplicaron de forma más dogmática, como en Inglaterra y Estados Unidos, presentan en el año 1990 mayores dificultades económicas. Mientras que países como Japón y Alemania, que impusieron sus programas nacionales y regionales, han quedado mejor situados luego de la reestructuración económica. América Latina ha sido víctima de la aplicación descarnada y violenta de los ajustes estructurales, ha ignorado por completo el desarrollo del mercado interno, la autosuficiencia alimentaria, la preservación de los recursos naturales, así como el desarrollo científico, tecnológico y cultural. Estados Unidos, por su parte, pretende montar una nueva política de dominación |a así nace la Iniciativa para la Cuenca del Caribe y los tratados de comercio bilateral y la Iniciativa para las Américas. Ante dicho panorama los integrantes del Encuentro en Lima propusieron la integración, la concertación de modelos de desarrollo complementarios, unidos a una política de preservación de los recursos naturales. OB/ALJ | ||
| 650 | |a PAISES EN DESARROLLO | ||
| 650 | |a PAISES DESARROLLADOS | ||
| 650 | |a ESTRATEGIA DEL DESARROLLO | ||
| 650 | |a POLITICA ECONOMICA | ||
| 650 | |a AJUSTE ESTRUCTURAL | ||
| 650 | |a CONDICIONES DE VIDA | ||
| 650 | |a POBREZA | ||
| 650 | |a NEOLIBERALISMO | ||
| 650 | |a IDEOLOGIAS | ||
| 650 | |a PARTICIPACION POLITICA | ||
| 650 | |a PROBLEMAS SOCIALES | ||
| 650 | |a DEUDA EXTERNA | ||
| 650 | |a DESARROLLO ECONOMICO Y SOCI | ||
| 773 | |g volumen 10, número 89; páginas 23-24 | ||
| 999 | |c 30605 |d 30605 | ||
| 773 | 0 | |0 43109 |9 7782 |a Coordinadora Regional de Investigaciones Económicas y Sociales |d Managua, Nicaragua: CRIES, 1982- |o 22367 |t Pensamiento Propio / | |
